000 00918nam a2200217 a 4500
001 000041917
005 20201002035829.0
008 131022s1990 sp 000 0 spa d
020 _a840007095X
040 _aDO-SdBNP
_bspa
_cBNPHU
100 1 _aOria, Juan de
_968814
245 1 0 _aJohannis de Oria Opera Logica :
_bSummularum Volumen Secundum /
_cestablecimiento y corrección del texto, introducción, bibliografía y notas Vicente Muñoz Delgado.
246 1 0 _aOpera lógica
260 _aMadrid :
_bConsejo Superior de Investigaciones Científicas, Centro de Estudios Históricos,
_c1990.
300 _av. ;
_c25 cm.
490 1 _aBibliotheca Theologica Hispana.
505 2 _av. 2
_tTractatus de enuntiatione
700 1 _aMuñoz Delgado, Vicente
_968815
710 2 _aConsejo Superior de Investigaciones Científicas, Centro de Estudios Históricos
_968816
830 0 _aBibliotheca Theologica Hispana.
_968817
999 _c41406
_d41406